| 000 | 04089cam a22006134i 4500 | ||
|---|---|---|---|
| 003 | PE-LiUPU | ||
| 005 | 20250731165519.0 | ||
| 008 | 150706s r 000 0 d | ||
| 020 | _a9788497321389 | ||
| 035 | _a(Sirsi) i9788497321389 | ||
| 035 | _a(Sirsi) i9788497321389 | ||
| 040 |
_aPE-LiUPU _bspa _cPE-LiUPU _erda |
||
| 049 | _aPRUA | ||
| 082 | 0 | 4 |
_a001.42 _bS52 2007 _221 |
| 100 | 1 |
_aSierra Bravo, Restituto, _eautor. |
|
| 245 | 1 | 0 |
_aTesis doctorales y trabajos de investigación científica : _bmetodología general de su elaboración y documentación / _cR. Sierra Bravo. |
| 264 | 1 |
_aMadrid : _bThomson, _c1986. |
|
| 300 |
_a497 páginas : _bilustraciones tablas, gráficos. diagrs. ; _c24 cm. |
||
| 336 |
_atext _2rdacontent |
||
| 337 |
_aunmediated _2rdamedia |
||
| 338 |
_avolume _2rdacarrier |
||
| 504 | _aIncluye bibliografía. | ||
| 505 | 0 | _aFundamentos: La investigación científica y el método científico. Técnicas generales del trabajo de investigación científica. Técnicas de trabajo intelectual. La creatividad. Elección del tema de la tesis o del problema objeto de la investigación. Documentación (Investigación secundaria): Los sistemas de información y documentación. Centros de información y documentación. Estudio particular de las fuentes de documentación. Estudio particular de las fuentes de información. La documentación en la tesis y la investigación documental. Técnicas de lectura y del arte de escuchar. Investigación empirica: El diseño de la tesis o el trabajo de investigación. Contenido del diseño. Elaboración: La redacción de la tesis o del trabajo. La tesis y su contenido. Presentación formal y defensa de la tesis. Ejemplos: Explicación. Ejemplo primero: La práctica del deporte en el medio rural. Ejemplo segundo: Diderot en el contexto de la sociedad francesa del siglo XVIII y del movimiento de la ilustración. | |
| 526 | _aSEG44 | ||
| 526 | _aSEG26 | ||
| 526 | _aP151 | ||
| 526 | _aP150 | ||
| 526 | _aP149 | ||
| 526 | _aP146 | ||
| 526 | _aP145 | ||
| 526 | _aP126 | ||
| 526 | _aP125 | ||
| 526 | _aP92 | ||
| 526 | _aP75 | ||
| 526 | _aP74 | ||
| 526 | _aP27 | ||
| 526 | _aP15 | ||
| 541 | _g0014-013117; | ||
| 650 | 0 | 4 |
_aTesis y disertaciones académicas _91308 |
| 910 |
_bjv _cjvm _d20100503 |
||
| 942 |
_2ddc _cBOOK |
||
| 949 |
_a220.908016 S52 1986 _wDEWEY _c1 _i51349 _lCCODEBUL1 _mBUL _p37.00 _r0 _sY _tBOOK _u2015-6-24 _xFCE _zUNKNOWN _0COMPRA _o.STAFF. Colección General |
||
| 949 |
_a001.42 S52 1986 _wDEWEY _c2 _i55284 _lCCODEBUL1 _mBUL _p37.00 _r0 _sY _tBOOK _u2015-6-24 _xFCE _zUNKNOWN _0COMPRA _o.STAFF. Colección General |
||
| 949 |
_aPGE 001.42 S52 1986 _wDEWEY _c1 _i60206 _lPOSTGRADO _mBUL _p49.00 _r0 _sY _tBOOK _u2015-6-24 _xPOSGRADO _PP57 _0COMPRA _o.CIRCNOTE. No olvidar cambiar la fecha de devolución!!!!!!! _o.STAFF. Colección General |
||
| 949 |
_a001.42 S52 2007 _wDEWEY _c1 _i61407 _d2015-8-17 _e2015-8-17 _lCCODEBUL1 _mBUL _n1 _p42.00 _r0 _sY _tBOOK _u2015-7-6 _xINGENIERIA _PP27 _0COMPRA _o.STAFF. Colección General |
||
| 994 |
_aC0 _bPEPRU |
||
| 596 | _a1 | ||
| 999 |
_a220.908016 S52 1986 _wDEWEY _c33066 _i51349 _f2021-11-4 _g6 _lCCODEBUL1 _mBUL _p37.00 _r0 _sY _tBOOK _u2015-6-24 _xBIBLIOTECA _zUNKNOWN _0COMPRA _o.STAFF. Colección General _d33066 |
||
| 999 |
_a001.42 S52 1986 _wDEWEY _c2 _i55284 _f2021-11-4 _g6 _lCCODEBUL1 _mBUL _p37.00 _r0 _sY _tBOOK _u2015-6-24 _xBIBLIOTECA _zUNKNOWN _0COMPRA _o.STAFF. Colección General |
||
| 999 |
_a001.42 S52 1986 _wDEWEY _c5 _i70196 _d2019-1-22 _e2018-7-10 _f2021-11-4 _g5 _lCCODEBUL1 _mBUL _n13 _q3 _r0 _sY _tBOOK _u2016-1-22 _xBIBLIOTECA _PP89 _0COMPRA _o.STAFF. Colección General |
||
| 999 |
_a001.42 S52 1986 _wDEWEY _c6 _i28436 _d2018-4-2 _f2021-11-9 _g5 _lCCODEBUL1 _mBUL _q1 _r0 _sY _tBOOK _u2015-6-16 _xEDUCACION _PP20 _0COMPRA _o.STAFF. Colección General |
||
| 999 |
_aPGE 001.42 S52 1986 _wDEWEY _c1 _i60206 _d2018-7-1 _f2021-11-4 _g5 _lCCODEBUL1 _mBUL _p49.00 _q3 _r0 _sY _tBOOK _u2015-6-24 _xBIBLIOTECA _PP57 _0COMPRA _o.CIRCNOTE. No olvidar cambiar la fecha de devolución!!!!!!! _o.STAFF. Colección General |
||
| 980 |
_81 _gALBERTO SANCHEZ Responsable de Automatización |
||